Get the Picture: Droids of Star Wars Quiz Stats

 Plays Quiz Updated Jun 14, 2019

Score 0/15 Timer 01:30
1 Play Today
Question Answer Wrong Answers
Belongs to Poe Dameron BB-8
91.8%
R2-D2
2.9%
C-3PO
2.1%
First appeared in The Force Awakens BB-8
91%
R2-D2
3.2%
C-3PO
2.6%
Carried the Death Star plans R2-D2
90.4%
C-3PO
3.7%
BB-8
2.9%
Portrayed on film by Anthony Daniels C-3PO
87.8%
R2-D2
6%
BB-8
2.6%
Fluent in over six million forms of communication C-3PO
87.8%
R2-D2
7%
BB-8
1.9%
Never worked for Padmé Amidala BB-8
86.2%
R2-D2
5.9%
C-3PO
4.6%
Was once reassembled by Chewbacca C-3PO
85.9%
R2-D2
9.2%
BB-8
1.5%
Protocol droid C-3PO
80.3%
R2-D2
12.2%
BB-8
4.2%
Has been to Jakku BB-8
76.7%
R2-D2
10.4%
C-3PO
9.5%
Portrayed on film by Kenny Baker R2-D2
74.9%
C-3PO
15.6%
BB-8
6.4%
Capable of flight R2-D2
73.4%
C-3PO
2.1%
BB-8
21.4%
Built by Anakin Skywalker C-3PO
67.7%
R2-D2
23.6%
BB-8
5.5%
Badly damaged during the Battle of Yavin R2-D2
66.1%
C-3PO
19.9%
BB-8
10.7%
Worked on Naboo's defense force R2-D2
63.5%
C-3PO
18%
BB-8
15.3%
Once operated a First Order AT-ST BB-8
60.9%
R2-D2
21.3%
C-3PO
14.7%

Today's Daily Dose

Missing Word
Celine Dion

Word Ladder
Dr. Seuss Books

Quick Pick
Cities in India

Get the Picture
'A' Actresses

You're not logged in!

Compare scores with friends on all Sporcle quizzes.
OR
Log In

Sporcle TV

Today on Sporcle TV


Watch our educational content, quiz creation guides, and fun videos on Sporcle TV.

Show Comments

Extras

Top Quizzes Today


Score Distribution

Your Account Isn't Verified!

In order to create a playlist on Sporcle, you need to verify the email address you used during registration. Go to your Sporcle Settings to finish the process.

Report this User

Report this user for behavior that violates our Community Guidelines.

Details: